| 000 | 00567nam a2200205 a 4500 | ||
|---|---|---|---|
| 005 | 20240924071112.0 | ||
| 008 | 991125s1996 mx 000 0 spa u | ||
| 020 | _a9684328044 | ||
| 035 | _aUPN01000009779 | ||
| 049 | _aCG | ||
| 050 | 4 |
_aPQ6639 N3 _bC64p 1996 |
|
| 100 | 1 |
_aUnamuno, Miguel de, _d1864-1936 |
|
| 245 | 1 | 0 |
_aCómo se hace una novela / _cMiguel de Unamuno. |
| 260 |
_aMéxico : _bPorrúa, _c1996. |
||
| 300 | _a197 p. | ||
| 440 | 0 |
_aSepan cuantos ; _v384 |
|
| 650 | 4 |
_aLiteratura española _95069 |
|
| 650 | 4 |
_aNovela española _910814 |
|
| 905 | _aLibro | ||
| 999 |
_c9779 _d9779 |
||